[Event "Krapina op 7th"]
[Site "Krapina"]
[Date "2017.01.12"]
[Round "1.1"]
[White "Lescan, Marijan"]
[Black "Jelecevic, Ivo"]
[Result "0-1"]
[WhiteElo "1818"]
[BlackElo "2137"]
[PlyCount "56"]
[EventDate "2017.01.12"]
[EventType "swiss"]
[EventRounds "7"]
[EventCountry "CRO"]
[Source "Mirjana Medic"]
[SourceDate "2017.01.13"]

1. e4 c5 2. c4 g6 3. Nc3 Bg7 4. g3 Nc6 5. Bg2 e6 6. Nge2 Nge7 7. O-O O-O 8. d3
b6 9. Be3 Bb7 10. Qd2 Re8 11. Rad1 Nd4 12. Nb5 Nxb5 13. cxb5 d5 14. Qc2 Qd7 15.
a4 Rac8 16. b3 a6 17. bxa6 Bxa6 18. Qb1 Nc6 19. f3 Nb4 20. Nc1 Rcd8 21. Na2
Nxa2 22. Qxa2 dxe4 23. dxe4 Qxd1 24. Rxd1 Rxd1+ 25. Kf2 Red8 26. e5 Bxe5 27. f4
Bc3 28. Bf3 R8d2+ 0-1

[Event "Krapina op 7th"]
[Site "Krapina"]
[Date "2017.01.12"]
[Round "1.2"]
[White "Abramovic, Darko"]
[Black "Tretinjak, Dario"]
[Result "1/2-1/2"]
[WhiteElo "2118"]
[BlackElo "1801"]
[PlyCount "65"]
[EventDate "2017.01.12"]
[EventType "swiss"]
[EventRounds "7"]
[EventCountry "CRO"]
[Source "Mirjana Medic"]
[SourceDate "2017.01.13"]

1. d4 Nf6 2. Bf4 e6 3. e3 b6 4. Nf3 Bb7 5. Bd3 Be7 6. h3 d6 7. Nbd2 Nbd7 8. Qe2
Nd5 9. Bh2 Nb4 10. c3 Nxd3+ 11. Qxd3 Nf6 12. e4 O-O 13. O-O c5 14. Rad1 Qe8 15.
Rfe1 Rd8 16. Qc2 h6 17. Nc4 Nxe4 18. dxc5 d5 19. c6 Qxc6 20. Nce5 Qc8 21. Nd4
Bc5 22. f3 Nd6 23. Kh1 Nc4 24. Ng4 Nd6 25. Rxe6 fxe6 26. Qg6 Bxd4 27. Nxh6+ Kh8
28. Bxd6 Bf6 29. Bxf8 Rxf8 30. Nf7+ Kg8 31. Nh6+ Kh8 32. Nf7+ Kg8 33. Nh6+
1/2-1/2

[Event "Krapina op 7th"]
[Site "Krapina"]
[Date "2017.01.12"]
[Round "1.3"]
[White "Kralj, Kresimir"]
[Black "Zelenika, Zoran"]
[Result "0-1"]
[WhiteElo "1749"]
[BlackElo "2115"]
[PlyCount "112"]
[EventDate "2017.01.12"]
[EventType "swiss"]
[EventRounds "7"]
[EventCountry "CRO"]
[Source "Mirjana Medic"]
[SourceDate "2017.01.13"]

1. c4 Nf6 2. Nc3 d5 3. cxd5 Nxd5 4. g3 Nxc3 5. bxc3 e5 6. Bg2 c6 7. Nf3 Qc7 8.
O-O Bd6 9. a4 Qe7 10. d4 Nd7 11. Re1 h6 12. Qb3 O-O 13. Ba3 Bxa3 14. Qxa3 Qe6
15. Rab1 e4 16. Nd2 Nf6 17. e3 Rb8 18. Qb3 Qf5 19. Qc2 Re8 20. Rb2 b6 21. f3
exf3 22. Qxf5 Bxf5 23. Bxf3 c5 24. Bc6 cxd4 25. cxd4 Re6 26. d5 Re5 27. Nc4 Re7
28. Nd6 Be4 29. Rd2 Re5 30. Nc4 Rg5 31. Nd6 Bxd5 32. Bxd5 Rxd5 33. Rxd5 Nxd5
34. e4 Nc3 35. Rf1 Rf8 36. e5 a5 37. Ra1 Rd8 38. Ra3 Nd5 39. Rd3 Nb4 40. Rf3 f6
41. Nc4 fxe5 42. Nxe5 Rd1+ 43. Kg2 Nd5 44. Rb3 Rd2+ 45. Kh3 Rd4 46. Nd7 Nf4+
47. gxf4 Rxd7 48. Rxb6 Rd4 49. Kg4 Rxa4 50. Kf5 Ra1 51. Rb8+ Kh7 52. h4 a4 53.
Ke6 a3 54. Kf7 a2 55. Rb2 Rf1 56. Rxa2 Rxf4+ 0-1

[Event "Krapina op 7th"]
[Site "Krapina"]
[Date "2017.01.12"]
[Round "1.4"]
[White "Starcevic, Ante Leon"]
[Black "Kostelic, Tihomir"]
[Result "1-0"]
[WhiteElo "2114"]
[BlackElo "1720"]
[PlyCount "105"]
[EventDate "2017.01.12"]
[EventType "swiss"]
[EventRounds "7"]
[EventCountry "CRO"]
[Source "Mirjana Medic"]
[SourceDate "2017.01.13"]

1. c4 e5 2. Nc3 Nf6 3. Nf3 Nc6 4. g3 Bc5 5. Nxe5 Bxf2+ 6. Kxf2 Nxe5 7. e4 d6 8.
d4 Nc6 9. h3 O-O 10. Bg2 Nd7 11. Kg1 Ne7 12. Kh2 Rb8 13. Rf1 b6 14. Be3 Bb7 15.
Qg4 Ng6 16. h4 Nf6 17. Qe2 Bc8 18. Bg5 Ng4+ 19. Qxg4 Bxg4 20. Bxd8 Rbxd8 21.
Nb5 Be2 22. Rfc1 a6 23. Nxc7 Rc8 24. Nd5 Rxc4 25. Rxc4 Bxc4 26. Nxb6 Be6 27. d5
Bg4 28. Nc4 Rd8 29. Rc1 Kf8 30. Kg1 h5 31. Kf2 Rc8 32. Rc3 Ke7 33. Bf3 Bxf3 34.
Kxf3 Rxc4 35. Ra3 Ne5+ 36. Kf4 Rc2 37. Rxa6 g6 38. Ra7+ Nd7 39. b4 Kd8 40. a4
Rc7 41. Ra6 Ke7 42. b5 Rb7 43. Ke3 Nc5 44. Ra8 Nd7 45. Kd4 Rb6 46. Kc4 Rb7 47.
Kb4 Kf6 48. Re8 Nc5 49. e5+ Kf5 50. exd6 Nd7 51. a5 Nb8 52. b6 Rd7 53. Rxb8 1-0

[Event "Krapina op 7th"]
[Site "Krapina"]
[Date "2017.01.12"]
[Round "1.5"]
[White "Kovac, Mihael"]
[Black "Frank, Vladimir"]
[Result "1/2-1/2"]
[WhiteElo "1687"]
[BlackElo "2095"]
[PlyCount "82"]
[EventDate "2017.01.12"]
[EventType "swiss"]
[EventRounds "7"]
[EventCountry "CRO"]
[Source "Mirjana Medic"]
[SourceDate "2017.01.13"]

1. e4 c5 2. Nf3 Nc6 3. Bb5 g6 4. O-O Bg7 5. Nc3 e6 6. Bxc6 dxc6 7. d3 e5 8. Be3
b6 9. h3 Ne7 10. Qd2 f5 11. Bh6 Bf6 12. exf5 gxf5 13. Rfe1 Qd6 14. Bg5 Ng6 15.
Bxf6 Qxf6 16. Nxe5 O-O 17. Nxg6 hxg6 18. Qe3 Bd7 19. Qe7 Qxe7 20. Rxe7 Rf7 21.
Rae1 Kf8 22. Rxf7+ Kxf7 23. f4 Be6 24. Kf2 Rd8 25. b3 Rh8 26. a4 Kf6 27. a5 Rd8
28. axb6 axb6 29. Ra1 b5 30. Ra6 c4 31. Rxc6 cxb3 32. cxb3 Rxd3 33. Nxb5 Kf7
34. b4 Rd2+ 35. Ke3 Rxg2 36. Nc3 Rg3+ 37. Kd4 Rxh3 38. b5 Rf3 39. Ke5 Re3+ 40.
Kd6 Rd3+ 41. Ke5 Re3+ 1/2-1/2

[Event "Krapina op 7th"]
[Site "Krapina"]
[Date "2017.01.12"]
[Round "1.6"]
[White "Svrtan, Zlatko"]
[Black "Cipan, Viktor"]
[Result "0-1"]
[WhiteElo "2088"]
[BlackElo "1663"]
[PlyCount "124"]
[EventDate "2017.01.12"]
[EventType "swiss"]
[EventRounds "7"]
[EventCountry "CRO"]
[Source "Mirjana Medic"]
[SourceDate "2017.01.13"]

1. e4 e5 2. Nf3 Nc6 3. Bc4 h6 4. d4 exd4 5. Nxd4 Nxd4 6. Qxd4 Qf6 7. Qd3 Bc5 8.
O-O Ne7 9. Nc3 O-O 10. Na4 Bb6 11. Nxb6 axb6 12. f4 d6 13. c3 Be6 14. Be3 Bxc4
15. Qxc4 Nc6 16. a3 Rfe8 17. Rae1 Qe6 18. Qxe6 Rxe6 19. Bd4 Rae8 20. e5 dxe5
21. f5 Rd6 22. Be3 f6 23. g4 Red8 24. h4 Na5 25. g5 h5 26. gxf6 gxf6 27. Re2
Kf7 28. Rg2 Rg8 29. Rxg8 Kxg8 30. Rf2 Kf7 31. Rg2 Rd8 32. Kh2 Nc4 33. Bc1 Rg8
34. Rf2 e4 35. Bf4 c6 36. Re2 Re8 37. Kg3 Rg8+ 38. Kf2 Re8 39. a4 Ne5 40. Bxe5
Rxe5 41. Kg3 Rxf5 42. Rxe4 Rd5 43. Rb4 b5 44. Kf4 Ke6 45. axb5 Rf5+ 46. Ke3
Rxb5 47. Rd4 Rxb2 48. Re4+ Kf7 49. Rd4 Rb5 50. Rd7+ Kg6 51. Kf4 Rb3 52. Rd3 c5
53. Rg3+ Kf7 54. Ke4 b5 55. Rd3 b4 56. Rd7+ Ke6 57. Rb7 Rxc3 58. Rb6+ Kf7 59.
Kf5 Rf3+ 60. Ke4 Rf1 61. Rc6 f5+ 62. Ke5 b3 0-1

[Event "Krapina op 7th"]
[Site "Krapina"]
[Date "2017.01.12"]
[Round "1.7"]
[White "Franc, Borna"]
[Black "Galoic, Boris"]
[Result "0-1"]
[WhiteElo "1660"]
[BlackElo "2041"]
[PlyCount "42"]
[EventDate "2017.01.12"]
[EventType "swiss"]
[EventRounds "7"]
[EventCountry "CRO"]
[Source "Mirjana Medic"]
[SourceDate "2017.01.13"]

1. e4 e5 2. Nf3 Nc6 3. Bc4 Bc5 4. d3 h6 5. Nc3 Nf6 6. O-O O-O 7. Be3 Bb6 8.
Bxb6 axb6 9. Qd2 d6 10. h3 Kh8 11. Nh2 Nh5 12. Nd5 Ne7 13. Ng4 Nxd5 14. Bxd5
Nf4 15. Bb3 f5 16. Ne3 Qg5 17. Kh2 fxe4 18. dxe4 Nxh3 19. gxh3 Rf3 20. Nf5 Qxd2
21. Ne7 Qf4+ 0-1

[Event "Krapina op 7th"]
[Site "Krapina"]
[Date "2017.01.12"]
[Round "1.8"]
[White "Takac, Zvonko"]
[Black "Kupek, Robert"]
[Result "1-0"]
[WhiteElo "2005"]
[BlackElo "1655"]
[PlyCount "63"]
[EventDate "2017.01.12"]
[EventType "swiss"]
[EventRounds "7"]
[EventCountry "CRO"]
[Source "Mirjana Medic"]
[SourceDate "2017.01.13"]

1. d4 d5 2. c4 e6 3. Nc3 Nf6 4. Nf3 Be7 5. Bf4 c6 6. e3 O-O 7. Rc1 Nbd7 8. Bd3
dxc4 9. Bxc4 Nd5 10. Nxd5 exd5 11. Bd3 Qa5+ 12. Ke2 Qxa2 13. Qc2 Qa5 14. Bxh7+
Kh8 15. Ra1 Qd8 16. Bd3 Nf6 17. h3 Re8 18. Ng5 Kg8 19. Be5 Bd6 20. Bh7+ Kf8 21.
f4 Bxe5 22. dxe5 Nxh7 23. Qxh7 Qb6 24. Qh8+ Ke7 25. Qxg7 Qxb2+ 26. Kf3 Be6 27.
Nxe6 Kxe6 28. Rhb1 Qc2 29. Qf6+ Kd7 30. Qxf7+ Kd8 31. Rxb7 Qe4+ 32. Kf2 1-0

[Event "Krapina op 7th"]
[Site "Krapina"]
[Date "2017.01.12"]
[Round "1.9"]
[White "Vincelj, Leopold"]
[Black "Hamer, Ivan"]
[Result "0-1"]
[WhiteElo "1642"]
[BlackElo "1956"]
[PlyCount "96"]
[EventDate "2017.01.12"]
[EventType "swiss"]
[EventRounds "7"]
[EventCountry "CRO"]
[Source "Mirjana Medic"]
[SourceDate "2017.01.13"]

1. e4 e6 2. Nf3 d5 3. exd5 exd5 4. d4 Bd6 5. c4 Qe7+ 6. Be3 Nf6 7. c5 Bf4 8.
Qb3 Ng4 9. Ne5 Nxe3 10. fxe3 Bxe5 11. dxe5 Qxe5 12. Nd2 O-O 13. Nf3 Qe7 14. Qc3
Re8 15. Kf2 Nd7 16. b4 Nf6 17. Qd4 Ng4+ 18. Kg1 Qxe3+ 19. Qxe3 Rxe3 20. h3 Nf6
21. Kf2 Ra3 22. Nd2 Bf5 23. Be2 Re8 24. Rhe1 Kf8 25. Bf3 Ne4+ 26. Bxe4 Bxe4 27.
Nb3 Re6 28. Re2 Bd3 29. Rd2 Bc4 30. Rb1 b6 31. Rbb2 Bxb3 32. Rxb3 Rxb3 33. axb3
bxc5 34. bxc5 c6 35. Ra2 Re7 36. Ra6 Rc7 37. Ke3 Ke7 38. Kd4 Kd7 39. b4 Kc8 40.
Ra5 Rb7 41. Kc3 Kb8 42. Ra6 Rc7 43. Ra5 Kb7 44. b5 cxb5 45. Rxb5+ Ka6 46. Rb3
Rxc5+ 47. Kd4 Rb5 48. Ra3+ Kb6 0-1

[Event "Krapina op 7th"]
[Site "Krapina"]
[Date "2017.01.12"]
[Round "1.10"]
[White "Skupnjak, Milan"]
[Black "Grmovsek, Mihael"]
[Result "1-0"]
[WhiteElo "1953"]
[BlackElo "1626"]
[PlyCount "63"]
[EventDate "2017.01.12"]
[EventType "swiss"]
[EventRounds "7"]
[EventCountry "CRO"]
[Source "Mirjana Medic"]
[SourceDate "2017.01.13"]

1. d4 d5 2. Nf3 Nf6 3. c4 Bf5 4. Nc3 e6 5. e3 Be7 6. a3 O-O 7. Nh4 Bg4 8. Be2
Bxe2 9. Qxe2 Nc6 10. Nf3 Na5 11. c5 Nb3 12. Rb1 c6 13. Qc2 Nxc1 14. Rxc1 Re8
15. b4 h6 16. Qa4 a6 17. Qb3 Nd7 18. a4 Bf6 19. O-O e5 20. b5 axb5 21. axb5 e4
22. Nd2 Bh4 23. g3 Qg5 24. bxc6 bxc6 25. Qb7 Nf6 26. Qxc6 Rac8 27. Qd6 Re6 28.
Qf4 Qxf4 29. exf4 e3 30. fxe3 Bxg3 31. hxg3 Rxe3 32. Rf3 1-0

[Event "Krapina op 7th"]
[Site "Krapina"]
[Date "2017.01.12"]
[Round "1.11"]
[White "Krklec, Josip"]
[Black "Kozina, Zdenko"]
[Result "0-1"]
[WhiteElo "1606"]
[BlackElo "1925"]
[PlyCount "70"]
[EventDate "2017.01.12"]
[EventType "swiss"]
[EventRounds "7"]
[EventCountry "CRO"]
[Source "Mirjana Medic"]
[SourceDate "2017.01.13"]

1. d4 d5 2. Nf3 Nf6 3. Nc3 e6 4. Bg5 Be7 5. e3 Nbd7 6. a3 c6 7. Bd3 O-O 8. h3
Qc7 9. Bf4 Bd6 10. Bxd6 Qxd6 11. g4 e5 12. Bf5 e4 13. Bxd7 Nxd7 14. Nh2 f5 15.
Qd2 f4 16. O-O-O Nb6 17. Nf1 Nc4 18. Qe1 b5 19. Nb1 a5 20. Nfd2 Nb6 21. Nb3 b4
22. Nc5 Nc4 23. a4 fxe3 24. b3 exf2 25. Qe2 Qf4+ 26. Nd2 Ne3 27. Kb2 Nxd1+ 28.
Qxd1 Qg3 29. Nf1 Qc3+ 30. Kb1 Qe1 31. Nd2 Qxd1+ 32. Rxd1 e3 33. Nd3 exd2 34.
Rf1 Ba6 35. Rxf2 d1=Q+ 0-1

[Event "Krapina op 7th"]
[Site "Krapina"]
[Date "2017.01.12"]
[Round "1.12"]
[White "Klement, Dubravko"]
[Black "Rickovic, Tomislav"]
[Result "1/2-1/2"]
[WhiteElo "1919"]
[BlackElo "1597"]
[PlyCount "84"]
[EventDate "2017.01.12"]
[EventType "swiss"]
[EventRounds "7"]
[EventCountry "CRO"]
[Source "Mirjana Medic"]
[SourceDate "2017.01.13"]

1. d4 d5 2. Nf3 Bf5 3. g3 Nf6 4. Bg2 e6 5. O-O Nbd7 6. Nbd2 c5 7. e3 c4 8. Nh4
Bg4 9. Qe1 Be7 10. h3 Bh5 11. Nhf3 Qc7 12. e4 dxe4 13. Nxe4 Nxe4 14. Qxe4 Bg6
15. Qe2 Rc8 16. Re1 O-O 17. d5 Bd6 18. dxe6 fxe6 19. Qxe6+ Bf7 20. Qe2 Bd5 21.
Ng5 Bxg2 22. Qe6+ Kh8 23. Nf7+ Rxf7 24. Qxf7 Bxh3 25. Qh5 Ne5 26. Rxe5 Bxe5 27.
Qxh3 Rd8 28. Bg5 Re8 29. Re1 Qf7 30. c3 Bf6 31. Rxe8+ Qxe8 32. Bxf6 gxf6 33.
Qf5 Qc6 34. Qf4 a6 35. Qd4 Kg7 36. g4 Qe6 37. Kg2 b5 38. g5 Kg6 39. gxf6 Qxf6
40. Qe4+ Qf5 41. Qc6+ Qf6 42. Qe8+ Qf7 1/2-1/2

[Event "Krapina op 7th"]
[Site "Krapina"]
[Date "2017.01.12"]
[Round "1.13"]
[White "Lupinski, Valentin"]
[Black "Bockaj, Ivan"]
[Result "0-1"]
[WhiteElo "1553"]
[BlackElo "1912"]
[PlyCount "128"]
[EventDate "2017.01.12"]
[EventType "swiss"]
[EventRounds "7"]
[EventCountry "CRO"]
[Source "Mirjana Medic"]
[SourceDate "2017.01.13"]

1. d4 d5 2. Bg5 c6 3. a3 Nd7 4. Nf3 Qb6 5. b4 Ngf6 6. Nbd2 a5 7. c3 g6 8. e3
Bg7 9. Bd3 O-O 10. O-O Re8 11. Re1 Nf8 12. Ne5 Be6 13. Bh4 N6d7 14. Ndf3 Nxe5
15. Nxe5 Nd7 16. Nxd7 Bxd7 17. f4 f5 18. h3 Qc7 19. Qf3 Qd6 20. Kh1 Ra7 21. Qf1
Rea8 22. Be2 b6 23. Bf2 b5 24. Rec1 axb4 25. axb4 Ra3 26. Qe1 Qb8 27. Rxa3 Rxa3
28. Ra1 Qa7 29. Rxa3 Qxa3 30. Bh4 Kf7 31. g4 Qb2 32. g5 Qc2 33. Bf3 Qb2 34. Bf2
Qc2 35. h4 h6 36. gxh6 Bxh6 37. Kg2 Qb2 38. Kg3 Kf6 39. Kh3 Be8 40. Kg3 Bf7 41.
Kh3 Ke6 42. Kg3 Bg7 43. Kh3 Bf6 44. Kg3 Qa3 45. Kg2 Qa2 46. Kg3 Qa8 47. Qh1 Qa2
48. Qe1 Qc2 49. Be2 Be8 50. Kh3 Kd6 51. Bf3 Qb2 52. Kg3 Qa2 53. Kh3 Bd7 54. h5
gxh5 55. Bxh5 Qa8 56. Kg2 Qa2 57. Kf1 Qb2 58. Be2 Be8 59. Bd3 Bh5 60. Bxf5 Bf3
61. Bd3 Kc7 62. f5 Bg4 63. Bg3+ Kb7 64. Be5 Bh3+ 0-1

[Event "Krapina op 7th"]
[Site "Krapina"]
[Date "2017.01.12"]
[Round "1.14"]
[White "Mlinaric, Andrija"]
[Black "Oreski, Zdravko"]
[Result "1-0"]
[WhiteElo "1888"]
[BlackElo "1527"]
[PlyCount "93"]
[EventDate "2017.01.12"]
[EventType "swiss"]
[EventRounds "7"]
[EventCountry "CRO"]
[Source "Mirjana Medic"]
[SourceDate "2017.01.13"]

1. Nf3 Nf6 2. c4 e6 3. g3 d5 4. Bg2 Be7 5. O-O O-O 6. d4 b6 7. Nc3 Bb7 8. cxd5
exd5 9. Bf4 Nbd7 10. Rc1 c5 11. Nb5 a6 12. Nd6 Bxd6 13. Bxd6 Re8 14. dxc5 Nxc5
15. Bxc5 bxc5 16. Rxc5 Qe7 17. Rc2 Rac8 18. Rxc8 Rxc8 19. Nd4 Rd8 20. e3 Qb4
21. Qb3 Qxb3 22. Nxb3 Rc8 23. Rc1 Rxc1+ 24. Nxc1 Kf8 25. f3 Ke7 26. Nb3 Kd6 27.
Kf2 Bc8 28. Bf1 Kc6 29. Ke1 Ne8 30. Kd2 Nd6 31. Nd4+ Kb6 32. Kc3 Bd7 33. Kb4
a5+ 34. Kc3 Nf5 35. Nxf5 Bxf5 36. Kd4 Be6 37. g4 Kc6 38. Bd3 h6 39. h3 g6 40.
a3 h5 41. Be2 h4 42. Bd3 Kd6 43. b4 axb4 44. axb4 f5 45. Bb5 fxg4 46. fxg4 Bxg4
47. hxg4 1-0

[Event "Krapina op 7th"]
[Site "Krapina"]
[Date "2017.01.12"]
[Round "1.15"]
[White "Puljic, Ljubomir"]
[Black "Zigovecki, Vladimir"]
[Result "0-1"]
[WhiteElo "1387"]
[BlackElo "1885"]
[PlyCount "76"]
[EventDate "2017.01.12"]
[EventType "swiss"]
[EventRounds "7"]
[EventCountry "CRO"]
[Source "Mirjana Medic"]
[SourceDate "2017.01.13"]

1. e4 e6 2. Nf3 d5 3. exd5 exd5 4. Be2 Bd6 5. d4 Ne7 6. O-O O-O 7. Ne5 f6 8.
Nf3 Ng6 9. c4 c6 10. cxd5 cxd5 11. Qb3 Kh8 12. Nc3 Ne7 13. g3 Nbc6 14. Nb5 Bg4
15. Qd1 Rc8 16. Nxd6 Qxd6 17. Bf4 Qb4 18. a3 Qb6 19. Bd6 Rfe8 20. b4 Nf5 21.
Bc5 Qd8 22. Bb5 b6 23. Bxc6 Rxc6 24. h3 Bxh3 25. Re1 bxc5 26. dxc5 Rce6 27. Qc2
Bg4 28. Rxe6 Rxe6 29. Nh2 Bh3 30. g4 Nd4 31. Qd3 Ne2+ 32. Kh1 Nf4 33. Qf5 g5
34. Rd1 Qe7 35. Nf3 Bg2+ 36. Kg1 Bxf3 37. Rxd5 Re1+ 38. Kh2 Rh1+ 0-1

[Event "Krapina op 7th"]
[Site "Krapina"]
[Date "2017.01.12"]
[Round "1.16"]
[White "Golub, Nikolina"]
[Black "Kostelac, Tea"]
[Result "1-0"]
[WhiteElo "1856"]
[BlackElo "1333"]
[PlyCount "89"]
[EventDate "2017.01.12"]
[EventType "swiss"]
[EventRounds "7"]
[EventCountry "CRO"]
[Source "Mirjana Medic"]
[SourceDate "2017.01.13"]

1. d4 d5 2. c4 c6 3. Nc3 Nf6 4. Nf3 Bf5 5. Bf4 e6 6. e3 Bd6 7. Bg5 h6 8. Bh4
Be7 9. Be2 Ne4 10. Bxe7 Qxe7 11. Nxe4 Bxe4 12. c5 b6 13. Rc1 Nd7 14. cxb6 Qb4+
15. Qd2 Qxb6 16. O-O O-O 17. Rc3 c5 18. dxc5 Nxc5 19. Rfc1 Nd7 20. Rc6 Qd8 21.
Rc7 Bxf3 22. Bxf3 Ne5 23. Qe2 Qf6 24. b3 a5 25. Bg4 Rfd8 26. Bh3 Rd7 27. R7c5
Qg6 28. R5c3 Qf6 29. Qb5 Rdd8 30. Qe2 Rd6 31. Kh1 Rad8 32. Rc5 d4 33. e4 d3 34.
Qd2 Nf3 35. gxf3 Qxf3+ 36. Bg2 Qe2 37. Rd1 e5 38. h3 Rf6 39. Qxe2 dxe2 40.
Rxd8+ Kh7 41. Rc1 Rc6 42. Re1 Rc2 43. Bf3 Rxa2 44. Rxe2 Ra3 45. Rd3 1-0

[Event "Krapina op 7th"]
[Site "Krapina"]
[Date "2017.01.12"]
[Round "1.17"]
[White "Kolic, Mario"]
[Black "Trsinski, Stjepan"]
[Result "1/2-1/2"]
[WhiteElo "1009"]
[BlackElo "1824"]
[PlyCount "88"]
[EventDate "2017.01.12"]
[EventType "swiss"]
[EventRounds "7"]
[EventCountry "CRO"]
[Source "Mirjana Medic"]
[SourceDate "2017.01.13"]

1. e4 d5 2. exd5 Nf6 3. d4 Bf5 4. Nf3 Nxd5 5. Bd3 Bg4 6. Nc3 e6 7. O-O c6 8.
Re1 Be7 9. Nxd5 Qxd5 10. Be4 Qd8 11. Qd3 Nd7 12. Ne5 Bh5 13. Nxd7 Qxd7 14. Bf4
Bg6 15. Bxg6 hxg6 16. a4 Bd6 17. Bxd6 Qxd6 18. Qg3 Qxg3 19. fxg3 O-O-O 20. c3
Rh5 21. g4 Rhd5 22. Kf2 c5 23. dxc5 Rxc5 24. Rad1 Rh8 25. h3 e5 26. b4 Rc7 27.
Rxe5 f6 28. Re3 Rf7 29. Rd5 f5 30. gxf5 gxf5 31. Rde5 Rhf8 32. Re8+ Kd7 33.
Rxf8 Rxf8 34. Kf3 Rc8 35. g4 fxg4+ 36. hxg4 Rc4 37. g5 g6 38. Ke2 Rg4 39. Re5
b6 40. a5 Kd6 41. axb6 axb6 42. Rb5 Kc6 43. Re5 Kd6 44. Rb5 Kc6 1/2-1/2

[Event "Krapina op 7th"]
[Site "Krapina"]
[Date "2017.01.13"]
[Round "2.1"]
[White "Jelecevic, Ivo"]
[Black "Mlinaric, Andrija"]
[Result "1-0"]
[WhiteElo "2137"]
[BlackElo "1888"]
[PlyCount "33"]
[EventDate "2017.01.12"]
[EventType "swiss"]
[EventRounds "7"]
[EventCountry "CRO"]
[Source "Mirjana Medic"]
[SourceDate "2017.01.13"]

1. e4 c5 2. Nf3 d6 3. d4 cxd4 4. Nxd4 Nf6 5. Nc3 g6 6. Be3 Bg7 7. f3 O-O 8. Qd2
Nc6 9. Bc4 Bd7 10. O-O-O Rb8 11. h4 Qa5 12. h5 Nxd4 13. Bxd4 Nxh5 14. Bxg7 Kxg7
15. g4 Nf6 16. Qh6+ Kh8 17. Nd5 1-0

[Event "Krapina op 7th"]
[Site "Krapina"]
[Date "2017.01.13"]
[Round "2.2"]
[White "Zelenika, Zoran"]
[Black "Golub, Nikolina"]
[Result "1/2-1/2"]
[WhiteElo "2115"]
[BlackElo "1856"]
[PlyCount "51"]
[EventDate "2017.01.12"]
[EventType "swiss"]
[EventRounds "7"]
[EventCountry "CRO"]
[Source "Mirjana Medic"]
[SourceDate "2017.01.13"]

1. Nf3 d5 2. g3 Nf6 3. Bg2 e6 4. c4 Be7 5. O-O O-O 6. b3 c5 7. cxd5 exd5 8. d4
Nc6 9. Bb2 Be6 10. e3 Ne4 11. Ne5 cxd4 12. exd4 Nf6 13. h3 Qb6 14. Kh2 Rfd8 15.
f4 Bf5 16. Nxc6 Qxc6 17. Nc3 Be4 18. Nxe4 Nxe4 19. Qe2 f5 20. Rac1 Qd7 21. Rc2
Rac8 22. Rfc1 a6 23. Bxe4 fxe4 24. Qg4 Rxc2+ 25. Rxc2 Qxg4 26. hxg4 1/2-1/2

[Event "Krapina op 7th"]
[Site "Krapina"]
[Date "2017.01.13"]
[Round "2.3"]
[White "Kozina, Zdenko"]
[Black "Starcevic, Ante Leon"]
[Result "1/2-1/2"]
[WhiteElo "1925"]
[BlackElo "2114"]
[PlyCount "86"]
[EventDate "2017.01.12"]
[EventType "swiss"]
[EventRounds "7"]
[EventCountry "CRO"]
[Source "Mirjana Medic"]
[SourceDate "2017.01.13"]

1. d4 Nf6 2. Nf3 g6 3. e3 Bg7 4. Bd3 d5 5. O-O O-O 6. c3 c5 7. Nbd2 Nc6 8. Re1
Qc7 9. h3 e5 10. dxe5 Nxe5 11. Nxe5 Qxe5 12. e4 Re8 13. Nf3 Qh5 14. e5 Nd7 15.
Be2 Qf5 16. Qxd5 Nxe5 17. Be3 Nxf3+ 18. Bxf3 Qxd5 19. Bxd5 Be6 20. Bxe6 Rxe6
21. Bxc5 b6 22. Rxe6 fxe6 23. Be3 Rd8 24. Kf1 Kf7 25. Ke2 Ke7 26. Bg5+ Bf6 27.
Bxf6+ Kxf6 28. Rd1 Ra8 29. Rd7 h6 30. Ke3 b5 31. Kd4 a5 32. f4 Rc8 33. b3 g5
34. fxg5+ hxg5 35. c4 e5+ 36. Kd5 bxc4 37. bxc4 e4 38. Rb7 e3 39. Rb3 e2 40.
Re3 Rd8+ 41. Kc5 Rd2 42. a4 Kf5 43. g3 Rb2 1/2-1/2

[Event "Krapina op 7th"]
[Site "Krapina"]
[Date "2017.01.13"]
[Round "2.4"]
[White "Bockaj, Ivan"]
[Black "Takac, Zvonko"]
[Result "1/2-1/2"]
[WhiteElo "1912"]
[BlackElo "2005"]
[PlyCount "59"]
[EventDate "2017.01.12"]
[EventType "swiss"]
[EventRounds "7"]
[EventCountry "CRO"]
[Source "Mirjana Medic"]
[SourceDate "2017.01.13"]

1. d4 d5 2. Nf3 Nf6 3. Bf4 g6 4. e3 Bg7 5. Bd3 O-O 6. h3 c5 7. c3 cxd4 8. cxd4
Nc6 9. a3 Re8 10. O-O Bd7 11. Nc3 Rc8 12. Na4 Ne4 13. b4 a6 14. Nc5 Nxc5 15.
bxc5 e5 16. Nxe5 Nxe5 17. Bxe5 Bxe5 18. dxe5 Rxe5 19. Rb1 Rc7 20. Qb3 Bc6 21.
Qc3 Rce7 22. Rfd1 Qc7 23. Qd4 Re8 24. Rb6 R5e6 25. Rc1 f6 26. Qg4 Kg7 27. h4
Qe5 28. Rb4 f5 29. Qh3 Rf6 30. Qh2 1/2-1/2

[Event "Krapina op 7th"]
[Site "Krapina"]
[Date "2017.01.13"]
[Round "2.6"]
[White "Zigovecki, Vladimir"]
[Black "Skupnjak, Milan"]
[Result "1/2-1/2"]
[WhiteElo "1885"]
[BlackElo "1953"]
[PlyCount "49"]
[EventDate "2017.01.12"]
[EventType "swiss"]
[EventRounds "7"]
[EventCountry "CRO"]
[Source "Mirjana Medic"]
[SourceDate "2017.01.13"]

1. d4 d5 2. Nf3 Nf6 3. e3 e6 4. c4 b6 5. Qc2 Bb7 6. Nbd2 Be7 7. b3 Bb4 8. a3
Bxd2+ 9. Nxd2 Ne4 10. Nxe4 dxe4 11. g3 f5 12. Bg2 Qe7 13. Bb2 O-O 14. O-O Nd7
15. a4 Rfc8 16. Rfd1 Nf6 17. Ba3 Qd7 18. b4 c6 19. Bb2 b5 20. Bf1 a6 21. Qb3
bxc4 22. Bxc4 Nd5 23. b5 axb5 24. axb5 cxb5 25. Bxb5 1/2-1/2

[Event "Krapina op 7th"]
[Site "Krapina"]
[Date "2017.01.13"]
[Round "2.7"]
[White "Cipan, Viktor"]
[Black "Abramovic, Darko"]
[Result "0-1"]
[WhiteElo "1663"]
[BlackElo "2118"]
[PlyCount "56"]
[EventDate "2017.01.12"]
[EventType "swiss"]
[EventRounds "7"]
[EventCountry "CRO"]
[Source "Mirjana Medic"]
[SourceDate "2017.01.13"]

1. e4 e6 2. Nf3 d5 3. exd5 exd5 4. Nc3 d4 5. Ne2 d3 6. cxd3 Nc6 7. a3 g6 8. h3
Bg7 9. Nc3 Nge7 10. Be2 O-O 11. O-O Re8 12. Re1 Nf5 13. Bf1 Be6 14. b4 Ncd4 15.
Nxd4 Nxd4 16. Bb2 Qd7 17. Rb1 Bb3 18. Rxe8+ Rxe8 19. Qc1 f5 20. a4 a6 21. Ba1
Qe7 22. b5 Qg5 23. Kh1 Qf4 24. Ne2 Nxe2 25. Bxe2 Bxa1 26. Rxb3 Rxe2 27. Qxa1
Qxf2 28. Qg1 Re1 0-1

[Event "Krapina op 7th"]
[Site "Krapina"]
[Date "2017.01.13"]
[Round "2.8"]
[White "Frank, Vladimir"]
[Black "Kolic, Mario"]
[Result "0-1"]
[WhiteElo "2095"]
[BlackElo "1009"]
[PlyCount "98"]
[EventDate "2017.01.12"]
[EventType "swiss"]
[EventRounds "7"]
[EventCountry "CRO"]
[Source "Mirjana Medic"]
[SourceDate "2017.01.13"]

1. Nf3 c5 2. c4 Nf6 3. Nc3 Nc6 4. d4 cxd4 5. Nxd4 e6 6. Ndb5 d6 7. Bf4 e5 8.
Bg5 a6 9. Bxf6 gxf6 10. Na3 Bf5 11. e3 Qb6 12. Qd2 Nb4 13. Be2 Bh6 14. O-O O-O
15. Bf3 Kh8 16. Be4 Be6 17. b3 f5 18. Na4 Qc7 19. Bf3 e4 20. Be2 Nc6 21. Rac1
Qe7 22. Nb6 Rad8 23. Nd5 Bxd5 24. Qxd5 Rg8 25. Qxf5 Rg5 26. Qh3 Bg7 27. Nc2 Be5
28. Rcd1 Rdg8 29. g3 Bg7 30. Nd4 Nxd4 31. exd4 f5 32. Qh4 Bf6 33. Qf4 Bg7 34.
h4 Rg6 35. Qxf5 Bf6 36. h5 Rg5 37. Qf4 R5g7 38. Kg2 Bg5 39. Qf5 Bh4 40. Qh3 e3
41. g4 Bxf2 42. Rxf2 exf2 43. Kxf2 Rf8+ 44. Ke1 Re8 45. Rd2 Qe4 46. Kf1 Rf7+
47. Kg1 Qf4 48. Qd3 Qf2+ 49. Kh1 Qe1+ 0-1